Biélorusses célèbres par images - Statistiques

Statistiques générales
  • Ce quiz a été pris 47 fois
  • Le résultat moyen est 1 sur 8
Statistiques - réponses
Par images Réponse % Correct
Alexandre Loukachenko
66%
Aryna Sabalenka
50%
Marc Chagall
7%
Svetlana Tikhanovskaïa
7%
Olga Korbut
5%
Rouslan Saleï
0%
Vladimir Kovalionok
0%
Vladimir Makeï
0%
Aucun quiz correspondant
Distribution des résultats
% des personnes avec chaque résultat
Percentile par nombre de réponses
Votre historique - résultats
Vous n’avez pas pris ce quiz